2026/27 Bundesliga Teams - Statistics

General Stats
  • This quiz has been taken 22 times
  • The average score is 16 of 17
Answer Stats
Teams % Correct
Bayer 04 Leverkusen
100%
Bayern München
100%
Borussia Dortmund
100%
Eintracht Frankfurt
100%
Mainz 05
100%
RB Leipzig
100%
Schalke 04
100%
Union Berlin
100%
Vfb Stuttgart
100%
1. FC Köln
94%
Hamburger SV
94%
Werder Bremen
94%
Borussia Mönchengladbach
89%
FC Augsburg
83%
TSG Hoffenheim
83%
SC Freiburg
78%
SV Elversberg
72%
No matching quizzes found
Score Distribution
Percent of People with Each Score
Percentile by Number Answered
Your Score History
You have not taken this quiz